Последние дни Романовых: Документы, материалы следствия, дневники, версии

Λεπτομέρειες βιβλιογραφικής εγγραφής
Γλώσσα:Ρωσικά
Έκδοση: Свердловск, Средне-Уральское кн. изд-во, 1991
Θέματα:
Μορφή: Βιβλίο
KOHA link:https://koha.lib.tpu.ru/cgi-bin/koha/opac-detail.pl?biblionumber=17055

MARC

LEADER 00000nam0a2200000 4500
001 17055
005 20240618161852.0
010 |a 5752905052 
035 |a (RuTPU)RU\TPU\book\17186 
035 |a BOOK00017255 
090 |a 17055 
100 |a 20011209d1991 km y0rusy50 ca 
101 0 |a rus 
102 |a RU 
105 |a a z 000zc 
200 1 |a Последние дни Романовых  |e Документы, материалы следствия, дневники, версии 
210 |a Свердловск  |c Средне-Уральское кн. изд-во  |d 1991 
215 |a 304 с.  |c ил. 
600 0 |a Николай  |d II  |f 1868-1918  |c последний российский император  |c из династии Романовых  |2 stltpui  |3 (RuTPU)RU\TPU\pers\336 
602 |a Романовы  |f 1613-1917  |c боярский род, царская фамилия с 1613, императорская фамилия с 1721 по 1917  |9 200 
610 1 |a история 
610 1 |a Россия 
610 1 |a 20 век 
686 |a Т3(2)61  |2 rubbk 
801 0 |a RU  |b 63413507  |c 20011209  |g PSBO 
801 2 |a RU  |b 63413507  |c 20060911  |g PSBO 
942 |c BK